Score 0/20 Timer 02:00
3 Plays Today
Location Missing Word % Correct
Bikini _____Bottom
97.4%
Krusty _____Krab
93.9%
_____ BucketChum
86.6%
_____ FieldsJellyfish
83.7%
Mrs. Puff's _____ SchoolBoating
78.2%
_____ LagoonGoo
74.7%
_____ Goobers Ice Cream Party BoatGoofy
61.4%
Glove _____World
55.2%
_____ Hut Jr'sWeenie
54.2%
Barg'N _____Mart
44.7%
Location Missing Word % Correct
Shell _____City
42.5%
_____ SpitoonSalty
41.9%
Make-Out _____Reef
37.5%
The _____ DomeTree
32.6%
_____ ShoalsShady
30.6%
Mussel _____Beach
25.9%
_____ ForestKelp
21.9%
_____ MountainSand
21.6%
Tentacle _____Acres
20.4%
Conch _____Street
9.3%

Today's Daily Dose

Remove Ads.
Support Sporcle.
Get the best of Sporcle when you Go Orange. This ad-free experience offers more features, more stats, and more fun while also helping to support Sporcle. Thank you for becoming a member.

You're not logged in!

Compare scores with friends on all Sporcle quizzes.
OR
Log In

Show Comments

Extras

Top Quizzes Today


Score Distribution

Your Account Isn't Verified!

In order to create a playlist on Sporcle, you need to verify the email address you used during registration. Go to your Sporcle Settings to finish the process.

Report this User

Report this user for behavior that violates our Community Guidelines.

Details: